| 000 | 00446nam a22001817a 4500 | ||
|---|---|---|---|
| 003 | koha_MIRAKIL | ||
| 005 | 20231213095642.0 | ||
| 008 | 231213b |||||||| |||| 00| 0 ||| d | ||
| 020 | _b978-0-394-82911-1 | ||
| 040 |
_aTR-IsEVY _btur _cTR-IsEVY |
||
| 082 | _a420 LIO/A | ||
| 100 | _aLIONNI, LEO. | ||
| 245 | 0 | _aALEXANDER AND THE WIND-UP MOUSE. | |
| 260 | _bDragon Books, | ||
| 300 | _a[ ] p. | ||
| 650 | _aİngiliz Dili. | ||
| 942 |
_2ddc _cBK |
||
| 999 |
_c7193 _d7193 |
||